00368 2200157 4500245003500000020001800035250001100053100002200064650001600086005001900102260003500121041001400156084000800170300002300178336000900201 a11.11cLucia PriandarinihText a9786023753765 aCet. 1 aLucia Priandarini aNovel Fiksi a20230109084943 aJakartabKompas Gramediac2016 aIndonesia a813 a170 hlm. :cillus. atext